000 00935nam a2200277 i 4500
001 8486
003 ES-MaACL
005 20230906145451.0
007 t|
008 920707s1991 sp |||| | spa d
020 _a84-376-0987-9
080 _a86.0(7/8).015"19"
080 _a86.0(7/8)(082.2)
100 1 _aSchwartz, Jorge.
_9104871
245 1 4 _aLas vanguardias latinoamericanas
_b: textos programáticos y críticos /
_cJorge Schwartz ; traducción de los textos portugueses, Estela dos Santos.
260 _aMadrid :
_bCátedra,
_c[1991]
300 _a698 p. :
_bil. ;
_c21 cm.
490 1 _aCrítica y estudios literarios
500 _aGlosario.
504 _aBibliografía: p. 647-665.
650 1 4 _aLiteratura latinoamericana-
_yS.XX-
_xHistoria y crítica.
_914635
700 1 _aSantos, Estela dos.
_9103471
830 0 _aCrítica y estudios literarios
_9177819
852 _aES-MaACL
_jL-15944
999 _c8486
_d8486